000 00440nam a2200169Ia 4500
005 20250508154940.0
008 008 250505s9999 xx 000 0 eng d
037 _aTextual
040 _aFEDL
_beng
_cFEDL
041 _aeng
_2eng
084 _a208, BHA
_qFEDL
100 _aBha G R
_9766451
245 0 _aGlimpses of meditation and thoughts
300 _axiv,202p.
942 _cTEXL
_h208, BHA
999 _c1353044
_d1353044